LEADER 01328nam0-22003611i-450- 001 990002011710403321 005 20040624152314.0 035 $a000201171 035 $aFED01000201171 035 $a(Aleph)000201171FED01 035 $a000201171 100 $a20030910d1931----km-y0itay50------ba 101 0 $aeng 102 $aUS 105 $ay---d---001yy 200 1 $aKey catalogue of parasites reported for chiroptera (Bats) with their possible public health importance$ethe confused nomenclature of Nycteribia (Latreille, 1796), and Spiturnik (Heyden, 1826)$fC.W. Stiles, Mabelle Orleman Nolan, Benjamin J. Collins 210 $aWashington$cU.S. Treasury Department$d1931 215 $ap. 603-742 (pag. estratta)$d23 cm 225 1 $aNational Institute of Health Bulletin$v155 610 0 $aParassitismo 610 0 $aEcologia Animale 610 0 $aParassitologia 676 $a591.524 700 1$aStyles,$bCharles Wardell$0360060 701 1$aCollins,$bBenjamin J.$085153 701 1$aNolan,$bMabelle Orleman$085151 801 0$aIT$bUNINA$gRICA$2UNIMARC 901 $aBK 912 $a990002011710403321 952 $a61 III D.3/20$b856$fDAGEN 959 $aDAGEN 996 $aKey catalogue of parasites reported for chiroptera (Bats) with their possible public health importance$9402383 997 $aUNINA LEADER 02289oas 2200853 a 450 001 9910895882203321 005 20260218111534.0 011 $a2104-3914 035 $a(DE-599)ZDB2661346-3 035 $a(OCoLC)320303324 035 $a(CONSER) 2009242289 035 $a(CKB)110978979779335 035 $a(DE-599)2661346-3 035 $a(EXLCZ)99110978979779335 100 $a19840730a19829999 uy 101 0 $afre 135 $aurcnu|||||||| 181 $ctxt$2rdacontent 182 $cc$2rdamedia 183 $acr$2rdacarrier 200 00$aRevue arche?ologique de Picardie 210 $a[Amiens] $c[Socie?te? des antiquite?s historiques de Picardie] 300 $aRefereed/Peer-reviewed 311 08$a0752-5656 517 1 $aRAP 531 0 $aRev. arche?ol. Picardie 606 $aAntiquities$2fast$3(OCoLC)fst00810745 606 $aArcheologie$2gtt 606 $aArqueologia$zFranc?a$vRevistes$2lemac 607 $aPicardy (France)$xAntiquities$vPeriodicals 607 $aFrance$xAntiquities$vPeriodicals 607 $aPicardie (France)$xAntiquite?s$vPe?riodiques 607 $aFrance$xAntiquite?s$vPe?riodiques 607 $aFrance$2fast$1https://id.oclc.org/worldcat/entity/E39PBJd8gD4vdtqQMdQHvYqbBP 607 $aFrance$zPicardy$2fast 607 $a4.280$2gtt 607 $aPicardia (Franc?a)$xArqueologia$vRevistes$2lemac 608 $aPeriodicals.$2fast 608 $aPeriodicals.$2lcgft 615 7$aAntiquities. 615 7$aArcheologie. 615 7$aArqueologia 712 02$aSocie?te? des antiquite?s historiques de Picardie (France) 801 0$bLGG 801 1$bLGG 801 2$bMYG 801 2$bCLU 801 2$bOCLCQ 801 2$bOCLCF 801 2$bVT2 801 2$bOCLCQ 801 2$bAU@ 801 2$bOCLCQ 801 2$bOCLCO 801 2$bOCLCQ 801 2$bU3W 801 2$bOCLCL 801 2$bOCLCQ 801 2$bSFB 801 2$bOCLCL 801 2$bOCLCQ 801 2$bUEJ 801 2$bUAB 801 2$bFIE 801 2$bWAU 801 2$bZ5A 801 2$bCEF 801 2$bSXB 801 2$bXFH 801 2$bCRU 906 $aJOURNAL 912 $a9910895882203321 996 $aRevue archéologique de Picardie$94270101 997 $aUNINA